000 00358nam a2200133Ia 4500
008 240624s9999 xx 000 0 und d
041 _aeng
082 _a658 LAL
100 _aKIDWAI NAINA LAL
245 _a30 WOMEN IN POWER THEIR VOICES THEIR STO
260 _c2015
_aNew Delhi
_bRupa Publications
300 _axxv, : 293 : p. : cm ; 25
365 _cRS
_b30
999 _c25552
_d25552